Lingüística, interacción comunicativa y proceso psicoanalítico /
Guardat en:
| Autor principal: | |
|---|---|
| Format: | Desconegut |
| Idioma: | Spanish |
| Publicat: |
Buenos Aires:
Ediciones Nueva Visión,
c1976-
|
| Col·lecció: | Psicología contemporánea
|
| Matèries: | |
| Etiquetes: |
Afegir etiqueta
Sense etiquetes, Sigues el primer a etiquetar aquest registre!
|
MARC
| LEADER | 000000000a22000000004500 | ||
|---|---|---|---|
| 001 | 001218 | ||
| 008 | 170627s1976 ag ||||| |||| 00| 0 spa d | ||
| 041 | 0 | |a español | |
| 082 | |a 616.8 |b L695L | ||
| 100 | 1 | |a Liberman, David | |
| 245 | 1 | 0 | |a Lingüística, interacción comunicativa y proceso psicoanalítico / |c David Liberman |
| 260 | |a Buenos Aires: |b Ediciones Nueva Visión, |c c1976- | ||
| 300 | |a volumenes | ||
| 490 | 1 | |a Psicología contemporánea | |
| 500 | |a Número de inscripción 11283 volumen 2 (Colección George Yúdice) | ||
| 650 | 4 | |a PSICOANALISIS | |
| 650 | 4 | |a PSICOLOGIA PATOLOGICA | |
| 942 | |2 ddc |c BK | ||
| 999 | |c 2301 |d 2301 | ||
